Statistiken für Die größten Städte Deutschlands mit N

Klicken Sie hier um das Quiz zu spielen!

Allgemein

  • Dieses Quiz wurde 251 mal gespielt
  • Das Durchschnittsergebnis liegt bei 6 aus 13

Antwortstatistiken

BundeslandStadt% Korrekt
BayernNürnberg
99%
Nordrhein-WestfallenNeuss
71%
Mecklenburg-VorpommernNeubrandenburg
59%
Schleswig-HolsteinNeumünster
52%
SaarlandNeunkirchen
52%
Sachsen-AnhaltNaumburg (Saale)
48%
SachsenNeustadt (In Sachsen)
48%
Baden-WürttembergNürtingen
46%
ThüringenNordhausen
45%
NiedersachsenNordhorn
42%
Rheinland-PfalzNeuwied
36%
BrandenburgNeuruppin
24%
HessenNeu-Isenburg
13%

Verteilung der Resultate

Perzentil nach korrekt beantworteten Fragen

Anzahl Personen mit jedem Resultat

Ihre Resultats-Entwicklung

Sie haben dieses Quiz noch nicht gespielt